00626nam a22002177a 4500003000500000005001700005008004100022010001000063011001000073035001000083040000900093100001800102245005900120260006500179300003000244490003500274650002600309650002000335700001800355830003500373CHAP20220329135633.0971013s1977 r 00010 d a39737 a40709 a44835 cCHAP00aFirman, I. D. aCoffee berry disease and other Colletotrichum diseases aSurrey, England :bCommonwealth Mycological Institute,c1977 a53 p.b: ilus. ; gráfs. aPhytopathological papersv; 2014aCaféxEnfermedades.14aColletotrichum.0 aWaller, J. M.0 aPhytopathological papersv; 20